00704nam a2200205Ia 4500003000900000008004100009040001600050080002500066245009700091260003500188300001300223650002200236650001900258650001900277700003100296700002000327942000700347999001500354952012900369IN-BaIIA211028s9999 xx 000 0 eng d cIIA Library a047.1:621.38bAEE-32 0aAdvances in electronics and electron physicsbvol. 32cedited by L. Marton and Claire Marton aNew YorkbAcademic Pressc1973 ax, 399p. aElectronics91576 aElectrophysics aNASA Thesaurus aMarton, Claire., ed.94818 aMarton, L., ed. cBK c4370d4370 00104070aBANbKAVcGENd1974-03-19g185.30l0o047.1:621.38/ AEE-32p4877r2021-11-05v185.30w1974-03-19yBKGRs. 185.30